000 00663nam a2200253Ia 4500
003 OSt
005 20221005032112.0
006 a|||||r|||| 00| 0
007 ta
008 221004b |||||||| |||| 00| 0 tam d
020 _c2.90
024 _a63571
037 _cTextual
040 _aCRL
_cCRL
_btam
041 _2tam
_atam
082 _aO31,3x, K7
100 _aManavai Musthafa Ed.
_9584812
245 0 _aSirappu Sirukadaikal
260 _aChennai
_bVanathipathippagam India
_c1967
300 _a227p.
_ccm.
650 _aTAMIL LITERATURE
942 _hO31,3x, K7
_cTEXL
_2cc
999 _c939124
_d939124